Tiru bunyinya

Bibliographic Details
Main Author: Zairani A. Hamid
Format: Book
Published: Kuala Lumpur : Al-Ameen Serve Holdings , 2005
Series:Siri bacaan bertahap cepat membaca
Subjects:

MARC

LEADER 00000cam a2200000 7i4500
001 0000029902
005 20220105104045.0
008 100820
020 |a 9832334527 
090 0 0 |a EL   |b MAL 
100 0 |a Zairani A. Hamid 
245 1 0 |a Tiru bunyinya   |c Zairani A. Hamid 
260 |a Kuala Lumpur :   |b Al-Ameen Serve Holdings ,   |c 2005 
440 |a Siri bacaan bertahap cepat membaca 
500 |a Children age 4-6 years old (yellow) 
650 0 |a Reading (Elementary) 
650 0 |a Reading   |x Phonetic method 
999 |a 0001040693   |b Book   |c Children Collection   |e Perbadanan Perpustakaan Awam Johor